Naissance de la civilization en Grece
Salvato in:
| Autore principale: | |
|---|---|
| Natura: | Libro |
| Lingua: | francese |
| Pubblicazione: |
París
Cahiers d'Art
1962
|
| Soggetti: | |
| Tags: |
Aggiungi Tag
Nessun Tag, puoi essere il primo ad aggiungerne!!
|
MARC
| LEADER | 00000nam a2200000 a 4500 | ||
|---|---|---|---|
| 001 | UCY2732 | ||
| 003 | CL-VaPUC | ||
| 008 | 941115e19620000FR |||||||||||||||||fre|d | ||
| 082 | 0 | 4 | |a 709.01 |b ZER |2 21 |
| 100 | 0 | |a Zervos, Christian |e author |9 330802 | |
| 245 | 1 | 0 | |a Naissance de la civilization en Grece |
| 300 | |a 2 v | ||
| 942 | |c BK | ||
| 945 | |d 19941115 00:00:00 |a mfernand | ||
| 260 | |a París |b Cahiers d'Art |c 1962 | ||
| 650 | 0 | |a Arte griego |9 267884 | |
| 650 | 0 | |a Civilización griega |9 265578 | |
| 583 | |a last modification |c 19941115 00:00:00 |k Rodrigo Vera | ||
| 999 | |c 231062 |d 231060 | ||
| 952 | |0 0 |1 0 |4 0 |6 709_010000000000000_ZER_1962 |7 0 |8 F |9 233859 |a BIBARQ |b BIBARQ |d 2019-11-15 |h v.1 |i 3030547 |o 709.01 ZER 1962 |p 3030547 |r 2025-01-20 |w 2019-11-15 |y BK_F |k ARQ | ||
| 952 | |0 0 |1 0 |4 0 |6 709_010000000000000_ZER_1962 |7 0 |8 F |9 233860 |a BIBARQ |b BIBARQ |d 2019-11-15 |h v.2 |i 3032469 |o 709.01 ZER 1962 |p 3032469 |r 2025-01-20 |w 2019-11-15 |y BK_F |k ARQ | ||